Chanteur / groupe par photo - Statistiques

Statistiques générales
  • Ce quiz a été pris 58 fois
    26 depuis la dernière actualisation
  • Le résultat moyen est 8 sur 24
Statistiques - réponses
Par images Réponse % Correct
Bigflo & Oli
100%
Bruno Mars
84%
Indochine
79%
One Direction
68%
Elton John
63%
Maneskin
58%
Queen
58%
Mika
53%
Pomme
53%
Ben Mazué
37%
Muse
32%
Rilès
26%
Kyle Alessandro
16%
Little Mix
16%
Baby Lasagna
11%
Ghost
11%
Lucio Corsi
11%
Solann
11%
5 seconds of summer
5%
Green Day
5%
Mustii
5%
Radiohead
5%
Soundgarden
5%
The Killers
5%
Aucun quiz correspondant
Distribution des résultats
% des personnes avec chaque résultat
Percentile par nombre de réponses
Votre historique - résultats
Vous n’avez pas pris ce quiz depuis la dernière actualisation